000 00584nam a2200169Ia 4500
005 20260601193253.0
008 260601s9999||||xx |||||||||||||| ||und||
020 _a978-981-97-2636-3
_qebk
100 _aMaode Ma
245 0 _aProceedings of the 12th International Conference on Communications, Circuits, and Systems
250 _a2024
260 _aHeidelberg, Germany
_bSpringer Nature
_c2024
440 _aLecture Notes in Electrical Engineering
650 _aComputer Science
856 _uhttps://link.springer.com/openurl?genre=book&isbn=978-981-97-2636-3
942 _cEB
_2ddc
999 _c56780
_d56780